000 00644nas a2200217 4500
001 BR9509596
003 BR-BrBNA
005 20231205094813.0
007 ta
008 230509b bl.|||p| |||| 00| 00por d
040 _aBR-BrBNA
_bpor
_cBiblioteca Nacional de Agricultura
041 _a(Pt)
072 _aE70
100 1 _aRibeiro, S.W.
245 1 _aIndicadores Agricolas. Aspectos do consumo intermediario do setor agricola
650 _aProducao
650 _aConsumo Interno
773 0 _tAgricultura de Hoje (Brazil)
_x
_g(Oct 1976), v. 2(19) p. 24-25
_wBR9509596
909 _a202311
_bLúcia
_c55
_dLúcia Elande
942 _2AGRIS
_n0
_cANA
999 _c146958
_d146958